Introduction to econometrics. / (Record no. 8435)

MARC details
000 -LEADER
fixed length control field 01526cam a2200313 a 4500
001 - CONTROL NUMBER
control field 15706894
003 - CONTROL NUMBER IDENTIFIER
control field OSt
005 - DATE AND TIME OF LATEST TRANSACTION
control field 20220118162801.0
008 - FIXED-LENGTH DATA ELEMENTS--GENERAL INFORMATION
fixed length control field 090421s2009 enka b 001 0 eng
010 ## - LIBRARY OF CONGRESS CONTROL NUMBER
LC control number 2009015942
020 ## - INTERNATIONAL STANDARD BOOK NUMBER
International Standard Book Number 9780470015124 (pbk.)
020 ## - INTERNATIONAL STANDARD BOOK NUMBER
International Standard Book Number 0470015128 (pbk.)
035 ## - SYSTEM CONTROL NUMBER
System control number (OCoLC)ocn319063959
040 ## - CATALOGING SOURCE
Original cataloging agency DLC
Transcribing agency DLC
Modifying agency BWKUK
-- YDXCP
-- AGL
-- DLC
050 00 - LIBRARY OF CONGRESS CALL NUMBER
Classification number HB139.M35
082 00 - DEWEY DECIMAL CLASSIFICATION NUMBER
Classification number 330.01/5195
Edition number 22
100 1# - MAIN ENTRY--PERSONAL NAME
Personal name Maddala, G. S.
245 10 - TITLE STATEMENT
Title Introduction to econometrics. /
Statement of responsibility, etc. G.S. Maddala, Kajal Lahiri.
250 ## - EDITION STATEMENT
Edition statement 4th ed.
260 ## - PUBLICATION, DISTRIBUTION, ETC.
Place of publication, distribution, etc. Chichester, U.K:
Name of publisher, distributor, etc. Wiley,
Date of publication, distribution, etc. 2009.
300 ## - PHYSICAL DESCRIPTION
Extent xx, 634 p. :
Other physical details ill. ;
Dimensions 24 cm.
504 ## - BIBLIOGRAPHY, ETC. NOTE
Bibliography, etc. note Includes bibliographical references and index.
505 0# - FORMATTED CONTENTS NOTE
Formatted contents note What is econometrics? -- Statistical background and matrix algebra -- Simple regression -- Multiple regression -- Heteroskedasticity -- Autocorrelation -- Multicollinearity -- Dummy variables and truncated variables -- Simultaneous equations models -- Diagnostic checking, model selection, and specification testing -- Errors in variables -- Introduction to time-series analysis -- Models of expectations and distributed lags -- Vector autoregressions, unit roots, and cointegration -- Panel data analysis -- Small-sample inference : resampling methods.
650 #0 - SUBJECT ADDED ENTRY--TOPICAL TERM
Topical term or geographic name entry element Econometrics.
700 1# - ADDED ENTRY--PERSONAL NAME
Personal name Lahiri, Kajal.
906 ## - LOCAL DATA ELEMENT F, LDF (RLIN)
a 7
b cbc
c orignew
d 1
e ecip
f 20
g y-gencatlg
942 ## - ADDED ENTRY ELEMENTS (KOHA)
Source of classification or shelving scheme Library of Congress Classification
Koha item type Books
Holdings
Withdrawn status Lost status Source of classification or shelving scheme Damaged status Not for loan Home library Current library Shelving location Date acquired Total Checkouts Full call number Barcode Date last seen Price effective from Koha item type
    Library of Congress Classification     WISCONSIN INTERNATIONAL UNIVERSITY COLLEGE, GHANA KUMASI LIBRARY WISCONSIN INTERNATIONAL UNIVERSITY COLLEGE, GHANA KUMASI LIBRARY General Stacks 23/10/2019   HB139.M35(4e) K/265/265/19 18/01/2022 18/01/2022 Books

If you have any concerns or questions; kindly contact the library


© Powered by WIUC ICT DIRECTORATE